¿ Quién era Jacobo Kostakowsky ? (Record no. 151374)
[ view plain ]
| 000 -CABECERA | |
|---|---|
| campo de control de longitud fija | 00604nab a2200217 a 4500 |
| 005 - FECHA Y HORA DE LA ÚLTIMA TRANSACCIÓN | |
| campo de control | 20210219161120.0 |
| 008 - ELEMENTOS DE LONGITUD FIJA--INFORMACIÓN GENERAL | |
| campo de control de longitud fija | 991125s1985 mx 000 0 spa u |
| 035 ## - NÚMERO DE CONTROL DEL SISTEMA | |
| Número de control de sistema | UPN01000179271 |
| 100 1# - ASIENTO PRINCIPAL--NOMBRE PERSONAL | |
| Nombre de persona | Picun, Olga |
| 222 ## - TÍTULO CLAVE | |
| Título clave | CORREO DEL MAESTRO : |
| 222 ## - TÍTULO CLAVE | |
| Información calificativa | REVISTA PARA PROFESORES DE EDUCACION BASICA |
| 245 ## - MENCIÓN DE TÍTULO | |
| Título | ¿ Quién era Jacobo Kostakowsky ? |
| 260 ## - PUBLICACIÓN, DISTRIBUCIÓN, ETC. | |
| Lugar de publicación, distribución, etc. | México |
| 300 ## - DESCRIPCIÓN FÍSICA | |
| Extensión | 39-51 |
| 362 0# - FECHAS DE PUBLICACIÓN Y/O DESIGNACIÓN SECUENCIAL | |
| Fecha de publicación y/o designación secuencial | 2010 Año 15, no. 173, oct. |
| 653 0# - TERMINO DE INDIZACION - NO CONTROLADO | |
| Término no controlado | KOSTAKOWSKY, JACOBO, 1893-1950 |
| 653 0# - TERMINO DE INDIZACION - NO CONTROLADO | |
| Término no controlado | EDUCACION MUSICAL |
| 653 0# - TERMINO DE INDIZACION - NO CONTROLADO | |
| Término no controlado | MUSICOS RUSOS |
| 653 0# - TERMINO DE INDIZACION - NO CONTROLADO | |
| Término no controlado | MUSICA MEXICANA |
| 905 ## - TIPO DE MATERIAL | |
| Tipo de material | Articulo |
No items available.
